00440nam a2200133 a 450000100100000000500170001000800410002704000250006808200160009324500940010926000570020330000210026070000250028100000901920200929161450.0090923s1980 dr 001 0 spa d aDO-SdBNPbspacBNPHU axxxxbA466s00aPor una alternativa socialista marxista revolucionaria y de masas /cCarlos Julio Báez. aSanto Domingo :bPoder PopularbAlfa & Omega,c1980. a260 p. ;c18 cm.1 aBáez, Carlos Julio